| 000 | 01325nam a2200361 a 4500 | ||
|---|---|---|---|
| 001 | 000108895 | ||
| 003 | CHAP | ||
| 005 | 20220329144028.0 | ||
| 008 | 140318s2013 mx | |sm |||||||spa|d | ||
| 010 | _a105357 | ||
| 011 | _a106329 | ||
| 040 | _cCHAP | ||
| 090 | _aTesis | ||
| 100 | 1 |
_aJarquín Sánchez, Natalia Helena _9125944 |
|
| 245 | 1 | 0 |
_aExclusión social y segregación espacial como expresión de la actividad turística en Zipolite, Oaxaca _h[En línea] _cpor Natalia Helena Jarquín Sánchez. |
| 260 |
_aChapingo, Méx. : _bEl autor, _c2013. |
||
| 500 | _aPara ver el contenido del material haga clic en la liga | ||
| 502 | _aTesis (M.C. en Sociología Rural) -- UACH. Departamento de Sociología Rural | ||
| 590 |
_aBATCH-UPD _b05 _c20140318 _lUCH01 _h1441 |
||
| 590 |
_aBATCH-UPD _b05 _c20140324 _lUCH01 _h1536 |
||
| 590 |
_aBATCH-UPD _b05 _c20141002 _lUCH01 _h0858 |
||
| 590 |
_aE792CSJ _b05 _c20140318 _lUCH01 _h1422 |
||
| 590 |
_aE792CSJ _b05 _c20140318 _lUCH01 _h1422 |
||
| 590 |
_aE792CSJ _b05 _c20140318 _lUCH01 _h1440 |
||
| 650 | 1 | 4 |
_aIdeología. _957294 |
| 650 | 1 | 4 |
_aMarginalidad social. _971348 |
| 650 | 1 | 4 |
_aSegregación. _9125968 |
| 650 | 1 | 4 |
_aTurismo _zOaxaca. _9115621 |
| 856 |
_aFinding aid _uhttp://10.13.5.2/tesis/sist108895.pdf _zTeclea aquí |
||
| 901 | _aBK | ||
| 942 | _cTESIS | ||
| 942 | _n0 | ||
| 999 |
_c105357 _d105357 |
||